=LDR 00000nam 2200000 4500 =001 INLIS000000000000981 =005 20130612085410 =008 ***********************************Ind** =035 ##$$0010-061300000000981 =041 ##$$a Ind =082 ##$$a 645.07 =090 ##$$a 645.07, Sup t =100 ##$$a Suparni =245 ##$$a Tata graha, pahat membuat macam-macam alat dekorasi, Suparni =260 ##$$a 1989 $b Solo =300 ##$$a 92 hlm, ilus, 21 cm =650 ##$$a Dekorasi Ruangan-Studi dan Pengajaran =850 ##$$a NBPNMAT